|
|
|
|
| LEADER |
00000nam a22000005a 4500 |
| 001 |
18385 |
| 003 |
CL-ChBUA |
| 005 |
20120815103658.0 |
| 008 |
070301s1997 uy 000 0 spa |
| 020 |
|
|
|a 9290393149
|
| 040 |
|
|
|a CL-ChBUA
|c CL-ChBUA
|
| 082 |
0 |
0 |
|a 681.763
|
| 090 |
|
|
|c 18385
|d 18385
|
| 110 |
2 |
|
|a Programa Cooperativo para el Desarrollo Tecnológico Agropecuario del Cono Sur.
|
| 245 |
1 |
0 |
|a El cambio global y el desarrollo tecnológico agropecuario y agroindustrial del Cono Sur :
|b implicancias para los INIAs y el PROCISUR
|
| 260 |
|
|
|b IICA.
|a Montevideo.
|c 1997.
|
| 300 |
|
|
|a 124 p.
|c 27 cm.
|
| 504 |
|
|
|a Indice.
|
| 650 |
|
4 |
|a TECNOLOGIA DE LOS ALIMENTOS.
|
| 650 |
|
4 |
|a MEDIO AMBIENTE.
|
| 650 |
|
4 |
|a POBREZA.
|
| 942 |
|
|
|c LIB
|
| 952 |
|
|
|0 0
|1 0
|4 0
|7 0
|9 25358
|a UNACH
|b UNACH
|c 600
|d 2007-03-05
|i 38.778.
|l 0
|o 681.763 / C 175.
|p 26357
|r 2012-12-27 00:00:00
|u 25358
|w 2012-08-08
|y LIB
|k 681.763 / C 175.
|
| 999 |
|
|
|c 18385
|d 18385
|